Défi trouve la lettre - Statistiques

Statistiques générales
  • Ce quiz a été pris 122 fois
  • Le résultat moyen est 6 sur 50
Statistiques - réponses
Lettre % Correct
A
99%
H
92%
Q
82%
I
71%
O
66%
L
55%
L
35%
E
24%
V
12%
P
7%
B
5%
K
4%
Q
3%
U
3%
U
3%
A
2%
A
2%
A
2%
A
2%
A
2%
A
2%
A
2%
B
2%
C
2%
D
2%
D
2%
D
2%
E
2%
E
2%
F
2%
F
2%
G
2%
H
2%
I
2%
I
2%
K
2%
L
2%
M
2%
P
2%
Q
2%
R
2%
R
2%
S
2%
T
2%
W
2%
W
2%
Y
2%
Y
2%
Y
2%
Z
2%
Aucun quiz correspondant
Distribution des résultats
% des personnes avec chaque résultat
Percentile par nombre de réponses
Votre historique - résultats
Vous n’avez pas pris ce quiz